000
00303nam a22001337a 4500
008
180924b xxu||||| |||| 00| 0 eng d
020
_a
0721656544
041
_a
eng
080
_a
610
100
_a
5
101
_a
ANE
245
_a
Regional Anesthesia And Analgesia
_c
Brown.D.L
942
_2
udc
_c
BK
999
_c
48361
_d
48361